[Event "Zlin Region-chT 2223"]
[Site "Czech Republic"]
[Date "2023.02.26"]
[Round "9.4"]
[White "Palica, Jiri"]
[Black "Lukastik, Jaroslav"]
[Result "1/2-1/2"]
[WhiteElo "1874"]
[BlackElo "1947"]
[PlyCount "130"]
[EventDate "2022.10.09"]
[EventType "team-tourn"]
[EventRounds "11"]
[EventCountry "CZE"]
[SourceTitle "EXT 2024"]
[Source "ChessBase"]
[SourceDate "2023.10.10"]
[SourceVersion "1"]
[SourceVersionDate "2023.10.10"]
[SourceQuality "1"]
[WhiteTeam "Zlin II"]
[BlackTeam "Usti Sokol"]
[WhiteTeamCountry "CZE"]
[BlackTeamCountry "CZE"]

1. d4 d5 2. g3 Nf6 3. Bg2 e6 4. c4 Be7 5. Nc3 0-0 6. cxd5 exd5 7. Nf3 c6 8. 0-0 Nbd7 9. Qc2 b6 10. Bg5 Bb7 11. Rac1 Rc8 12. Rfe1 Ne4 13. Bxe7 Qxe7 14. Nd2 f5 15. f3 Nxc3 16. Qxc3 c5 17. e4 dxe4 18. fxe4 Qd8 19. exf5 Bxg2 20. Kxg2 Rxf5 21. Nf3 Nf6 22. dxc5 Rfxc5 23. Qb3+ Qd5 24. Rxc5 Rxc5 25. Qxd5+ Nxd5 26. Re2 Rc7 27. Nd4 Kf7 28. Kf3 Nb4 29. a3 Nc6 30. Nb5 Rd7 31. Rc2 Ne5+ 32. Ke4 Ng4 33. Kf4 Nf6 34. Re2 Nd5+ 35. Kf3 Nf6 36. Nc3 Rd3+ 37. Kg2 Rd7 38. h3 Rd3 39. g4 h6 40. Nb5 Rd7 41. Nc3 Rd3 42. Rf2 Ke7 43. Nb1 Re3 44. Nd2 Ne4 45. Nxe4 Rxe4 46. Kf3 Re1 47. h4 Re6 48. g5 hxg5 49. hxg5 Kf7 50. Rc2 Re7 51. Kf4 Rd7 52. Rc6 Ke7 53. Ke5 Kf7 54. g6+ Ke7 55. Re6+ Kf8 56. Rc6 Ke7 57. Rc8 Rd2 58. Rc7+ Rd7 59. Rxd7+ Kxd7 60. a4 Ke7 61. b3 a5 62. Kd5 Kd7 63. Ke5 Ke7 64. Kd5 Kd7 65. Ke5 Ke7 1/2-1/2